000 00552nam a2200181Ia 4500
008 150610s9999 xx 000 0 und d
020 _a9780142414613
050 _aPZ7
_b.S7645Kee2008
100 _aSpradlin, Michael P.
245 _aKeeper of the grail /
_cMichael P. Spradlin.
260 _aNew York :
_bPuffin Books,
_c2008.
300 _a248pages ;
_c20 cm.
440 _aThe youngest templar; bk. 1
_vv.1
520 _aFiction.
650 _aCrusades_Third,1189-1192
_bFiction.
650 _aGrail
_xFiction.
650 _aMiddle ages
_xFiction.
999 _c287813
_d287813